000 00295nam a22001337a 4500
008 170627b xxu||||| |||| 00| 0 eng d
020 _a2900312607578
041 _aeng
080 _a82
100 _a21
101 _aGJL
245 _aWRITING ABOUT LITERATURE
_cGARDNER, J.E
942 _2udc
_cBK
999 _c19226
_d19226